LEADER 00970nam0-22002891i-450- 001 990008024300403321 005 20050506111543.0 010 $a9041119221$balk. paper 035 $a000802430 035 $aFED01000802430 035 $a(Aleph)000802430FED01 035 $a000802430 100 $a20050315d2002----km-y0itay50------ba 101 0 $aeng 102 $aUS 105 $ay---n---001yy 200 1 $a<>rights of immigrant workers in the European Union$ean evaluation of the EU public policy process and the legal status of labour immigrants from the Maghreb countries in the new receiving states$fby Joanna Apap 210 $aBoston$cKluwer Law International$d2002 676 $a323.3$v20$zita 700 1$aApap,$bJoanna$0285982 801 0$aIT$bUNINA$gRICA$2UNIMARC 901 $aBK 912 $a990008024300403321 952 $aH 302$bs.i.$fDSI 959 $aDSI 996 $aRights of immigrant workers in the European Union$9754807 997 $aUNINA LEADER 01059nam0 22002891i 450 001 RML0263439 005 20231121125720.0 010 $a8815078460 100 $a20121121d2000 ||||0itac50 ba 101 | $aita 102 $ait 181 1$6z01$ai $bxxxe 182 1$6z01$an 200 1 $aFinanza etica e impresa sociale$ei valori come fattori competitivi$fa cura di Francesco Bicciato 210 $aBologna $cIl Mulino $dİ2000 215 $a362 p.$d22 cm 606 $aIndustria$xItalia$xStoria$2FIR$3RMLC191853$9I 676 $a338.7$9$v20 702 1$aBicciato$b, Francesco$3RMLV168804 801 3$aIT$bIT-01$c20121121 850 $aIT-FR0098 899 $aBiblioteca Area Giuridico Economica$bFR0098 912 $aRML0263439 950 0$aBiblioteca Area Giuridico Economica$d 53TER 338.7/39$e 53VM 0000336235 VM barcode:ECO013407. - Inventario:5787. - Fondo:Sala consultazioneVM$fA $h20030603$i20121204 977 $a 53 996 $aFinanza etica e impresa sociale$9473366 997 $aUNICAS